wonderwall all lyrics - Statistics

General Stats
  • This quiz has been taken 32 times
  • The average score is 252 of 270
Answer Stats
Answer % Correct
my
100%
wonderwall
100%
you
100%
your
100%
youre
100%
a
97%
about
97%
after
97%
all
97%
And
97%
and
97%
anybody
97%
back
97%
be
97%
day
97%
do
97%
feels
97%
gonna
97%
i
97%
is
97%
it
97%
now
97%
on
97%
one
97%
that
97%
the
97%
there
97%
to
97%
today
97%
way
97%
are
93%
believe
93%
but
93%
by
93%
dont
93%
know
93%
lead
93%
like
93%
many
93%
maybe
93%
me
93%
saves
93%
say
93%
should
93%
things
93%
would
93%
have
90%
how
90%
light
90%
lights
90%
realised
90%
roads
90%
some
90%
theyre
90%
throw
90%
was
90%
what
90%
blinding
87%
doubt
87%
in
87%
never
87%
winding
87%
fire
83%
gotta
83%
had
83%
heart
83%
out
83%
really
83%
us
83%
we
83%
before
80%
im
80%
street
80%
word
80%
heard
77%
sure
77%
youve
77%
because
73%
said
73%
walk
73%
shouldve
70%
somehow
67%
backbeat
63%
theyll
63%
were
63%
not
60%
binding
7%
No matching quizzes found
Score Distribution
Percent of People with Each Score
Percentile by Number Answered
Your Score History
You have not taken this quiz